Detalles MARC
| 000 -LEADER |
| fixed length control field |
01654nam a2200373 a 4500 |
| 005 - FECHA ULTIMA MODIFICACION |
| control field |
20240423125041.0 |
| 008 - CAMPO DE CONTROL (LIBRO) |
| fixed length control field |
100503s2007||||ag a f |||| 00| 0 spa d |
| 020 ## - INTERNATIONAL STANDARD BOOK NUMBER |
| ISBN |
9789500603287 |
| 041 ## - CODIGO DE IDIOMA |
| Código de idioma del texto/pista de sonido o título separado |
spa |
| 092 ## - SIGNATURA TOPOGRAFICA DEWEY LOCAL |
| número de clasificación |
616.8 |
| libristica |
10 |
| sección |
CAR |
| 100 1# - ENTRADA PRINCIPAL--NOMBRE PERSONAL |
| Nombre personal |
Cardinali, Daniel P. |
| 9 (RLIN) |
254 |
| 245 ## - TITULO PROPIAMENTE DICHO |
| Título |
Neurociencia aplicada. |
| Subtítulo y Título paralelo |
Sus fundamentos / |
| Mención de responsabilidad y remanente de la transcripción de la portada |
Daniel P. Cardinali |
| 250 ## - MENCION DE EDICION |
| Mención de edición |
1a ed. |
| Mención de responsabilidad relacionada con la ed. |
Ilustrado por Walter García |
| 260 ## - PIE DE IMPRENTA |
| Lugar de publicación, distribución, etc |
Buenos Aires: |
| Nombre de la editorial, distribuidor, etc |
Editorial Médica Panamericana; |
| Fecha de publicación |
2007. |
| 300 ## - DESCRIPCION FISICA |
| Extension |
528 p. |
| Otros detalles físicos |
il. |
| Dimensiones |
28x20 cm. |
| 500 ## - NOTA GENERAL |
| Nota general |
Cardinali, D. P. (2007). Neurociencia aplicada. Sus fundamentos. (1a ed.). Buenos Aires : Editorial Médica Panamericana. |
| 653 ## - TÉRMINO INDIZADO - PALABRAS CLAVES |
| Palabra clave |
Biología de las células nerviosas |
| 653 ## - TÉRMINO INDIZADO - PALABRAS CLAVES |
| Palabra clave |
Generación y conducción de potenciales en el sistema nervioso |
| 653 ## - TÉRMINO INDIZADO - PALABRAS CLAVES |
| Palabra clave |
Transmisión sináptica |
| 653 ## - TÉRMINO INDIZADO - PALABRAS CLAVES |
| Palabra clave |
Fisiología del sistema somatosensorial |
| 653 ## - TÉRMINO INDIZADO - PALABRAS CLAVES |
| Palabra clave |
Fisiología de la visión |
| 653 ## - TÉRMINO INDIZADO - PALABRAS CLAVES |
| Palabra clave |
Fisiología de la audición, del gusto y del olfato |
| 653 ## - TÉRMINO INDIZADO - PALABRAS CLAVES |
| Palabra clave |
Fisiología muscular |
| 653 ## - TÉRMINO INDIZADO - PALABRAS CLAVES |
| Palabra clave |
Organización funcional del sistema motor |
| 653 ## - TÉRMINO INDIZADO - PALABRAS CLAVES |
| Palabra clave |
Médula espinal y reflejos musculares. Tono muscular |
| 653 ## - TÉRMINO INDIZADO - PALABRAS CLAVES |
| Palabra clave |
Control de la postura y equilibrio. Generacion del movimiento |
| 653 ## - TÉRMINO INDIZADO - PALABRAS CLAVES |
| Palabra clave |
Fisiología del cerebelo y de los ganglios basales |
| 653 ## - TÉRMINO INDIZADO - PALABRAS CLAVES |
| Palabra clave |
Tronco encefálico y la formación reticular |
| 653 ## - TÉRMINO INDIZADO - PALABRAS CLAVES |
| Palabra clave |
Sistema nervioso autónomo |
| 653 ## - TÉRMINO INDIZADO - PALABRAS CLAVES |
| Palabra clave |
Fisiología del hipotálamo y del sistema límbico |
| 653 ## - TÉRMINO INDIZADO - PALABRAS CLAVES |
| Palabra clave |
Correlatos electrofisiológicos de la actividad cortical. Fisiología del sueño |
| 653 ## - TÉRMINO INDIZADO - PALABRAS CLAVES |
| Palabra clave |
Corteza cerebral: áreas de asociación. Cognición. Memoria |
| 942 ## - ADDED ENTRY ELEMENTS (KOHA) |
| Source of classification or shelving scheme |
Dewey Decimal Classification |
| Item type |
Libros |